[Event "PRO League Group Stage"]
[Site "chess.com INT"]
[Date "2019.03.13"]
[Round "10"]
[White "Macieja, Bartlomiej"]
[Black "Preotu, Razvan"]
[Result "0-1"]
[WhiteTitle "GM"]
[BlackTitle "GM"]
[WhiteElo "2509"]
[BlackElo "2524"]
[WhiteTeam "San Francisco Mechanics"]
[BlackTeam "Dallas Destiny"]
[WhiteFideId "1104306"]
[BlackFideId "2613280"]
[EventDate "2019.01.08"]

1. Nf3 c5 2. c4 Nc6 3. d4 cxd4 4. Nxd4 Nf6 5. Nc3 e6 6. Bf4 a6 7. a3 Qb6 8. e3
d6 9. Bg3 Bd7 10. b4 Be7 11. Be2 O-O 12. O-O Rfc8 13. Rc1 Qd8 14. Qb3 Nxd4 15.
exd4 Bc6 16. Rfd1 Ne4 17. Nxe4 Bxe4 18. Bf3 Bxf3 19. Qxf3 Qd7 20. c5 d5 21. Qb3
h5 22. h3 h4 23. Be5 Bd8 24. a4 Bc7 25. Bxc7 Qxc7 26. b5 axb5 27. axb5 Qf4 28.
Rc2 Rc7 29. Ra2 Rcc8 30. b6 Rxa2 31. Qxa2 Qb8 32. Ra1 Qf4 33. Qb2 g6 34. Ra7 Rb8
35. Qc3 Kg7 36. Ra1 g5 37. Qe3 Qxe3 38. fxe3 Kf6 39. Kf2 Kf5 40. Ke2 Ke4 41. Kd2
f5 42. Kc3 Kxe3 43. Re1+ Kf2 44. Rxe6 Kxg2 45. Rg6 g4 46. hxg4 f4 47. Rg7 f3 48.
g5 f2 49. Rf7 f1=Q 50. Rxf1 Kxf1 51. g6 h3 52. g7 h2 0-1

[Event "PRO League Group Stage"]
[Site "chess.com INT"]
[Date "2019.03.13"]
[Round "10"]
[White "Zhu, Jiner"]
[Black "Hong, Andrew"]
[Result "1-0"]
[WhiteTitle "WIM"]
[BlackTitle "FM"]
[WhiteElo "2424"]
[BlackElo "2390"]
[WhiteTeam "Dallas Destiny"]
[BlackTeam "San Francisco Mechanics"]
[WhiteFideId "8608059"]
[BlackFideId "2099438"]
[EventDate "2019.01.08"]

1. e4 c5 2. Nf3 d6 3. d4 cxd4 4. Nxd4 Nf6 5. Nc3 a6 6. Bg5 Nbd7 7. Be2 h6 8. Be3
g6 9. O-O e5 10. Nb3 b5 11. f3 Bb7 12. Qd2 h5 13. a4 b4 14. Nd5 Nxd5 15. exd5 a5
16. f4 exf4 17. Bxf4 Bg7 18. Kh1 Ne5 19. Bb5+ Kf8 20. Qf2 Qc7 21. Nd4 Kg8 22.
Bxe5 Bxe5 23. Nc6 Bxc6 24. Bxc6 Rf8 25. Rab1 h4 26. c3 b3 27. Rbe1 Bg3 28. Qf6
Bxe1 29. Rxe1 Rh5 30. h3 Re5 31. Rxe5 dxe5 32. Qxh4 Qd6 33. Qc4 Rb8 34. Bb5 Rd8
35. Bc6 Rb8 36. Bb5 Qb6 37. Qxb3 e4 38. Qd1 Rd8 39. c4 e3 40. Qd3 Qc5 41. Kh2
Rd6 42. b3 Rf6 43. Bd7 Rc6 44. Bxc6 Qd6+ 45. Kg1 Qe5 46. Qe2 Qa1+ 47. Kh2 Qe5+
48. g3 Qd4 49. d6 Qxd6 50. Bf3 Qd4 51. Kg2 Kg7 52. Qc2 Qc5 53. Qd3 Qe5 54. Qc2
Qc5 55. Kf1 f5 56. Ke2 Qd4 57. Qd3 Qb2+ 58. Kxe3 Qe5+ 59. Kf2 Qb2+ 60. Be2 Qe5
61. Qe3 Qd6 62. c5 Qc7 63. Bf3 Kf6 64. c6 Qd6 65. Qc3+ Kg5 66. c7 f4 67. c8=Q
fxg3+ 68. Kg2 Qe7 69. Qg4+ Kh6 70. Qh8+ 1-0

[Event "PRO League Group Stage"]
[Site "chess.com INT"]
[Date "2019.03.13"]
[Round "10"]
[White "Corrales Jimenez, Fidel"]
[Black "Sarana, Alexey"]
[Result "1/2-1/2"]
[WhiteTitle "GM"]
[BlackTitle "GM"]
[WhiteElo "2559"]
[BlackElo "2630"]
[WhiteTeam "Minnesota Blizzard"]
[BlackTeam "Australia Kangaroos"]
[WhiteFideId "3506690"]
[BlackFideId "24133795"]
[EventDate "2019.01.08"]

1. e4 c5 2. Nf3 d6 3. d4 cxd4 4. Nxd4 Nf6 5. Nc3 a6 6. Be3 e5 7. Nb3 Be6 8. f3
Nbd7 9. Qd2 b5 10. O-O-O Be7 11. g4 O-O 12. Nd5 Bxd5 13. exd5 Nb6 14. Na5 Nfxd5
15. Nc6 Qc7 16. Nxe7+ Qxe7 17. Bxb6 Nxb6 18. Qxd6 Qg5+ 19. Qd2 Qf6 20. g5 Qe6
21. Qd6 Qxa2 22. Qxb6 Qa1+ 23. Kd2 Qxb2 24. Bd3 Rfd8 25. Ke2 Rac8 26. Rd2 g6 27.
Rhd1 e4 28. Bxe4 Rxd2+ 29. Rxd2 Qe5 30. Rd8+ Rxd8 31. Qxd8+ Kg7 32. Kd3 Qxh2 33.
Qf6+ Kg8 34. Qxa6 Qg1 35. Qf6 h6 36. gxh6 Qd1+ 37. Ke3 Qg1+ 38. Kd2 Qf2+ 39. Kc1
Qe1+ 40. Kb2 Qb4+ 41. Ka2 Qa5+ 42. Kb1 Qe1+ 43. Ka2 Qa5+ 44. Kb3 Qa4+ 45. Kb2
Qb4+ 46. Ka2 Qa5+ 1/2-1/2

[Event "PRO League Group Stage"]
[Site "chess.com INT"]
[Date "2019.03.13"]
[Round "10"]
[White "Smirnov, Anton"]
[Black "Henriquez Villagra, Cristobal"]
[Result "1/2-1/2"]
[WhiteTitle "GM"]
[BlackTitle "GM"]
[WhiteElo "2569"]
[BlackElo "2504"]
[WhiteTeam "Australia Kangaroos"]
[BlackTeam "Minnesota Blizzard"]
[WhiteFideId "3208923"]
[BlackFideId "3409350"]
[EventDate "2019.01.08"]

1. d4 Nf6 2. c4 g6 3. Nc3 Bg7 4. e4 d6 5. Nf3 O-O 6. Be2 Nbd7 7. O-O e5 8. Be3
c6 9. d5 c5 10. Ne1 Ne8 11. g4 f5 12. exf5 gxf5 13. gxf5 Ndf6 14. Kh1 Bxf5 15.
Rg1 Kh8 16. Qd2 Ne4 17. Nxe4 Bxe4+ 18. f3 Bf5 19. Bd3 Qd7 20. Bxf5 Qxf5 21. Qg2
Rc8 22. Qg4 Rc7 23. Qxf5 Rxf5 24. Rd1 Rcf7 25. Rg5 Rxg5 26. Bxg5 Bf6 27. Bh6 Bh4
28. Ng2 Bf2 29. Rf1 Bd4 30. b3 Nf6 31. h3 Nh5 32. Kh2 Rf6 33. Bd2 h6 34. Ne3
Bxe3 35. Bxe3 e4 36. Kg2 Rg6+ 37. Kh2 Rg3 38. Bxh6 exf3 39. Rf2 Kh7 40. Bd2 b6
41. a3 Kg8 42. h4 Kf7 43. Bf4 Rg4 44. Bg5 Rg3 45. Bf4 Rg4 46. Bxd6 Rxh4+ 47. Kg1
Rh3 48. Be5 Nf6 49. Bxf6 Kxf6 50. Rh2 f2+ 51. Rxf2+ Ke7 52. Rb2 Rc3 53. a4 Kd6
54. Kf2 Rh3 55. Ke1 Rh1+ 56. Kd2 a6 57. Kc2 a5 58. Rb1 Rh2+ 59. Kc3 Rh3+ 60. Kb2
Rh2+ 61. Ka3 Rh6 62. Rb2 Rg6 63. Rh2 Kc7 64. Kb2 Rg3 65. Kc2 Rg6 66. Rh3 Kd6 67.
Re3 Rg2+ 68. Kd3 Rb2 69. Ke4 Rb1 70. Kf4 Rf1+ 71. Rf3 Re1 72. Kg5 Rg1+ 73. Kf6
Rb1 74. Kf7 Kd7 75. Kf8 Kd8 76. Rf6 Rxb3 77. Rd6+ Kc7 78. Ke7 Rb4 79. Rc6+ Kb7
80. d6 Kxc6 81. d7 Rxc4 82. d8=Q Re4+ 83. Kf6 Rd4 84. Qc8+ Kd6 85. Kf7 Rb4 86.
Ke8 Kd5 87. Kd7 Kd4 88. Kc6 Kc3 89. Qh3+ Kb2 90. Qg2+ Ka3 91. Qc2 Rb3 92. Qc4
Rb4 93. Qc2 Rb3 94. Qe4 Rb4 95. Qd5 c4 96. Qd1 c3 97. Qc2 Rb3 98. Kd5 Rb4 99.
Qxc3+ Kxa4 100. Qc2+ Ka3 101. Kc6 Rb3 102. Qc1+ Ka4 103. Qa1+ Kb4 104. Kxb6 a4
105. Qd4+ Ka3+ 106. Ka5 Ka2 107. Kxa4 Ra3+ 108. Kb4 Rb3+ 109. Kc4 Rb2 110. Qa7+
Kb1 111. Qg1+ Ka2 112. Qd1 Rh2 113. Qa4+ Kb1 114. Qd1+ Ka2 115. Qb3+ Ka1 116.
Qc3+ Ka2 117. Qa5+ Kb1 118. Qe1+ Ka2 119. Kb4 Rb2+ 120. Kc3 Rb3+ 121. Kc4 Rb2
122. Qa5+ Kb1 123. Qf5+ Ka2 124. Qe6 Kb1 125. Qe4+ Ka2 126. Qd3 Ka1 127. Kc3
Rb3+ 128. Kxb3 1/2-1/2

[Event "PRO League Group Stage"]
[Site "chess.com INT"]
[Date "2019.03.13"]
[Round "10"]
[White "Tang, Andrew"]
[Black "Fernandez, Daniel Howard"]
[Result "1-0"]
[WhiteTitle "GM"]
[BlackTitle "GM"]
[WhiteElo "2487"]
[BlackElo "2465"]
[WhiteTeam "Minnesota Blizzard"]
[BlackTeam "Australia Kangaroos"]
[WhiteFideId "2059630"]
[BlackFideId "5801605"]
[EventDate "2019.01.08"]

1. d4 d6 2. Nc3 e5 3. Nf3 Nd7 4. e4 g6 5. Bg5 Be7 6. h4 h6 7. Bxe7 Kxe7 8. Qd2
c6 9. O-O-O Qc7 10. Bc4 Ngf6 11. Bb3 b5 12. Ng5 b4 13. Nxf7 bxc3 14. Qxc3 Rf8
15. dxe5 dxe5 16. Qc4 Re8 17. Nd6 Qb6 18. Nxc8+ 1-0

[Event "PRO League Group Stage"]
[Site "chess.com INT"]
[Date "2019.03.13"]
[Round "10"]
[White "Song, Raymond"]
[Black "Bartholomew, John"]
[Result "0-1"]
[WhiteTitle "FM"]
[BlackTitle "IM"]
[WhiteElo "2329"]
[BlackElo "2439"]
[WhiteTeam "Australia Kangaroos"]
[BlackTeam "Minnesota Blizzard"]
[WhiteFideId "3203824"]
[BlackFideId "2019353"]
[EventDate "2019.01.08"]

1. e4 d5 2. exd5 Qxd5 3. Nc3 Qa5 4. Bc4 Nf6 5. d3 c6 6. Bd2 Qc7 7. Nf3 Bg4 8. h3
Bh5 9. g4 Bg6 10. Qe2 Nbd7 11. O-O-O O-O-O 12. Nh4 e6 13. f4 Bd6 14. Rdf1 Rhe8
15. Qg2 Nb6 16. Bb3 Nbd5 17. f5 exf5 18. gxf5 Bh5 19. Nxd5 Nxd5 20. Qxg7 Be2 21.
Rfg1 Bf4 22. Qd4 Bxd2+ 23. Kxd2 Nc3 0-1

[Event "PRO League Group Stage"]
[Site "chess.com INT"]
[Date "2019.03.13"]
[Round "10"]
[White "Wang, Yue"]
[Black "Brown, Michael William"]
[Result "1/2-1/2"]
[WhiteTitle "GM"]
[BlackTitle "IM"]
[WhiteElo "2684"]
[BlackElo "2524"]
[WhiteTeam "Chengdu Pandas"]
[BlackTeam "San Diego Surfers"]
[WhiteFideId "8601429"]
[BlackFideId "2037602"]
[EventDate "2019.01.08"]

1. Nf3 d5 2. d4 Nf6 3. c4 dxc4 4. e3 e6 5. Bxc4 a6 6. O-O c5 7. Nc3 Nc6 8. a3 b5
9. Ba2 Bb7 10. d5 exd5 11. Nxd5 Nxd5 12. Bxd5 Be7 13. e4 Qc7 14. Ng5 O-O 15. Qh5
Bxg5 16. Qxg5 Nd4 17. Be3 Bxd5 18. exd5 Rad8 19. Rad1 f6 20. Qg4 Rxd5 21. Bxd4
Rxd4 22. Rxd4 cxd4 23. Qxd4 Rd8 24. Qe4 Qe5 25. Qc2 h5 26. Rc1 Qg5 27. g3 Qd2
28. Qb3+ Kh7 29. Qc2+ Kh6 30. h4 Rd5 31. Qc8 Rd8 32. Qc3 Rd3 33. Qc8 Rd8 1/2-1/2

[Event "PRO League Group Stage"]
[Site "chess.com INT"]
[Date "2019.03.13"]
[Round "10"]
[White "Bryant, John Daniel"]
[Black "Xu, Xiangyu"]
[Result "1-0"]
[WhiteTitle "IM"]
[BlackTitle "GM"]
[WhiteElo "2449"]
[BlackElo "2567"]
[WhiteTeam "San Diego Surfers"]
[BlackTeam "Chengdu Pandas"]
[WhiteFideId "2031280"]
[BlackFideId "8608288"]
[EventDate "2019.01.08"]

1. e4 e5 2. Nf3 Nf6 3. Nxe5 d6 4. Nf3 Nxe4 5. d3 Nf6 6. d4 Be7 7. Bd3 O-O 8. O-O
b6 9. Re1 Bb7 10. Nbd2 Re8 11. Nf1 Nbd7 12. Ng3 Bf8 13. Be3 g6 14. h3 Bg7 15. c4
d5 16. Qb3 Ne4 17. Ne2 dxc4 18. Bxc4 Nd6 19. Bd5 c6 20. Bc4 c5 21. Bd5 Bxd5 22.
Qxd5 Nf6 23. Qc6 Nc4 24. Bg5 Qd5 25. Qb5 cxd4 26. Qb3 Ne4 27. Nf4 Qc6 28. Nd3 b5
29. Rac1 Nxg5 30. Nxg5 Qd5 31. Nf3 a6 32. Qc2 Qf5 33. b3 Nd6 34. Rxe8+ Rxe8 35.
Qc6 Qxd3 36. Qxd6 Qe2 37. Qd5 Qe6 38. Qxe6 fxe6 39. Kf1 e5 40. Rc6 e4 41. Ng5 d3
42. Ke1 b4 43. Kd1 Bd4 44. Rc4 Bxf2 45. Nxe4 Be3 46. Nf6+ 1-0

[Event "PRO League Group Stage"]
[Site "chess.com INT"]
[Date "2019.03.13"]
[Round "10"]
[White "Li, Di"]
[Black "Hilby, Craig"]
[Result "1-0"]
[WhiteTitle "IM"]
[BlackTitle "IM"]
[WhiteElo "2488"]
[BlackElo "2445"]
[WhiteTeam "Chengdu Pandas"]
[BlackTeam "San Diego Surfers"]
[WhiteFideId "8607508"]
[BlackFideId "2062674"]
[EventDate "2019.01.08"]

1. d4 Nf6 2. Nf3 g6 3. c4 Bg7 4. Nc3 d5 5. cxd5 Nxd5 6. g3 Nb6 7. a4 a5 8. Bg2
Nc6 9. O-O O-O 10. Bf4 Nxd4 11. Nxd4 Qxd4 12. Bxc7 Qxd1 13. Rfxd1 Nc4 14. Nd5
Nxb2 15. Rdc1 Be6 16. Nb6 Ra7 17. Ra3 Bd4 18. e3 Bxb6 19. Bxb6 Ra6 20. Bd4 Nc4
21. Rac3 Nd6 22. Rc7 Rc8 23. Rxc8+ Bxc8 24. Rxc8+ Nxc8 25. Bxb7 Ra7 26. Bxc8 Ra8
27. Bd7 f6 28. f4 Kf7 29. Kf2 h6 30. g4 e6 31. Kf3 g5 32. f5 exf5 33. gxf5 Ke7
34. Bb5 h5 35. h3 Rg8 36. Bc5+ Kd8 37. Bc4 Rg7 38. Kg3 Kc7 39. Bd4 Kd6 40. Bxf6
Rb7 41. Bd4 Rb4 42. Bb5 Kd5 43. f6 Ke6 44. h4 g4 45. Be8 1-0

[Event "PRO League Group Stage"]
[Site "chess.com INT"]
[Date "2019.03.13"]
[Round "10"]
[White "Shlyakhtenko, Robert"]
[Black "Zhai, Mo"]
[Result "1/2-1/2"]
[BlackTitle "WGM"]
[WhiteElo "2190"]
[BlackElo "2365"]
[WhiteTeam "San Diego Surfers"]
[BlackTeam "Chengdu Pandas"]
[WhiteFideId "30936934"]
[BlackFideId "8600201"]
[EventDate "2019.01.08"]

1. e4 c6 2. c4 d5 3. cxd5 cxd5 4. exd5 Nf6 5. Qa4+ Nbd7 6. Nc3 g6 7. Nf3 Bg7 8.
Bc4 O-O 9. d3 a6 10. Qa3 Nb6 11. Qb3 Nxc4 12. dxc4 b5 13. Bg5 bxc4 14. Qxc4 Bb7
15. Rd1 Qa5 16. O-O Rfd8 17. Bxf6 Bxf6 18. Ne4 Bxd5 19. Nxf6+ exf6 20. Qf4 Kg7
21. a3 Qb5 22. b4 Rac8 23. Nd4 Qb7 24. Qg3 Kh8 25. Rfe1 Rd7 26. Nb3 Bxb3 27.
Qxb3 Kg7 28. h3 Rcd8 29. Rxd7 Qxd7 30. Qc4 Qb7 31. Qe4 Qb5 32. g3 1/2-1/2

[Event "PRO League Group Stage"]
[Site "chess.com INT"]
[Date "2019.03.13"]
[Round "10"]
[White "Mikhalevski, Victor"]
[Black "Holt, Conrad"]
[Result "1/2-1/2"]
[WhiteTitle "GM"]
[BlackTitle "GM"]
[WhiteElo "2581"]
[BlackElo "2548"]
[WhiteTeam "Seattle Sluggers"]
[BlackTeam "Dallas Destiny"]
[WhiteFideId "2801914"]
[BlackFideId "2034387"]
[EventDate "2019.01.08"]

1. d4 d5 2. c4 c6 3. cxd5 cxd5 4. Bg5 h6 5. Bh4 Qb6 6. Nc3 e6 7. Qd2 Nc6 8. e3
Be7 9. Bxe7 Ngxe7 10. Nf3 Bd7 11. Bd3 O-O 12. O-O Rfc8 13. Rac1 Be8 14. Rfd1 Na5
15. b3 Qb4 16. Bb1 Qa3 17. Ne5 Nec6 18. Nd3 Qe7 19. Ne2 b6 20. Rc3 Nb7 21. Rdc1
Nd6 22. Ne5 Nxe5 23. dxe5 Rxc3 24. Qxc3 Nb5 25. Qc2 g6 26. Qd2 Rd8 27. Bd3 d4
28. e4 Nc3 29. Nxc3 dxc3 30. Qxc3 Qg5 31. Rd1 Bb5 32. Bc2 Be2 33. Rxd8+ Qxd8 34.
f3 Ba6 35. g3 g5 36. b4 Qd7 37. a4 Be2 38. Kf2 Bd1 39. Qd3 Qxd3 40. Bxd3 Bxa4
41. Ba6 Kf8 42. Ke3 Ke7 43. f4 Bd1 44. f5 Kd7 45. Kd4 Bg4 46. f6 Bd1 47. Bb5+
Kd8 48. Ba6 Bc2 49. h4 gxh4 50. gxh4 Bd1 51. Ke3 Kd7 52. Bb5+ Kd8 53. Ba6 Kd7
54. Kd2 Bg4 55. Kc3 Bf3 56. Kd4 Bg4 57. Bb5+ Kd8 1/2-1/2

[Event "PRO League Group Stage"]
[Site "chess.com INT"]
[Date "2019.03.13"]
[Round "10"]
[White "Preotu, Razvan"]
[Black "Margvelashvili, Giorgi"]
[Result "1-0"]
[WhiteTitle "GM"]
[BlackTitle "GM"]
[WhiteElo "2524"]
[BlackElo "2530"]
[WhiteTeam "Dallas Destiny"]
[BlackTeam "Seattle Sluggers"]
[WhiteFideId "2613280"]
[BlackFideId "13602926"]
[EventDate "2019.01.08"]

1. e4 c6 2. d4 d5 3. e5 Bf5 4. Nf3 e6 5. Be2 Nd7 6. O-O Ne7 7. Nbd2 Ng6 8. Nb3
f6 9. Ne1 fxe5 10. g4 e4 11. gxf5 exf5 12. f4 Bd6 13. Ng2 Qe7 14. Be3 O-O-O 15.
c4 dxc4 16. Na5 Nb6 17. Nxc4 Nd5 18. Qb3 Bc7 19. Ne5 Nxe5 20. dxe5 g5 21. Kh1
gxf4 22. Bxf4 Bxe5 23. Bxe5 Qxe5 24. Bc4 Ne7 25. Qc3 Qxc3 26. bxc3 Rhf8 27. Nf4
Rd2 28. Ne6 Rf6 29. Rad1 Rxd1 30. Rxd1 b5 31. Rd8+ Kb7 32. Rd7+ Kb6 33. Rxe7
bxc4 34. Kg2 Rg6+ 35. Kf2 Rh6 36. Kg3 Rg6+ 37. Kf4 Rg2 38. Kxf5 e3 39. h4 Rf2+
40. Nf4 Rxa2 41. Rxe3 a5 42. Ke4 Rh2 43. h5 a4 44. Re2 Rh1 45. Ra2 Kb5 46. Kf5
Rc1 47. Ne2 Rf1+ 48. Kg5 Rf2 49. Nd4+ 1-0

[Event "PRO League Group Stage"]
[Site "chess.com INT"]
[Date "2019.03.13"]
[Round "10"]
[White "Mayer, Jacob"]
[Black "Zhu, Jiner"]
[Result "0-1"]
[BlackTitle "WIM"]
[WhiteElo "1737"]
[BlackElo "2424"]
[WhiteTeam "Seattle Sluggers"]
[BlackTeam "Dallas Destiny"]
[WhiteFideId "30925002"]
[BlackFideId "8608059"]
[EventDate "2019.01.08"]

1. e4 c5 2. Nf3 d6 3. d3 Nc6 4. g3 g6 5. Bg2 Bg7 6. O-O e6 7. c3 Nge7 8. Nbd2 d5
9. Re1 O-O 10. e5 Qc7 11. d4 cxd4 12. cxd4 Nf5 13. Nb3 Qb6 14. g4 Nfe7 15. Bg5
f5 16. exf6 Bxf6 17. Bxf6 Rxf6 18. Qd2 Kg7 19. Nc5 Qc7 20. Ne5 Nxe5 21. dxe5 Rf7
22. Rac1 Nc6 23. b4 a6 24. Nd3 Bd7 25. Qe3 Raf8 26. h3 Qd8 27. Rf1 Nb8 28. Nc5
Qe7 29. Nxb7 Bb5 30. Nd6 Bxf1 31. Rxf1 Rf4 32. a3 Nd7 33. Qa7 Kg8 34. a4 Rxb4
35. Qxa6 Nxe5 36. a5 Nc4 37. Nxc4 Rxc4 38. Re1 Qf6 39. Qxe6+ Qxe6 40. Rxe6 Rc1+
41. Bf1 Rd8 42. a6 Ra1 43. Kg2 d4 44. Bc4 Kf8 45. Rf6+ Ke8 46. Rf7 d3 47. Rxh7
d2 48. Rh8+ Ke7 49. Rh7+ Kd6 50. Bb3 d1=Q 51. Bxd1 Rxd1 52. a7 Ra1 53. Rg7 Ke5
54. Rxg6 Rxa7 55. f3 Rf8 56. Kg3 Ra3 57. Rg5+ Ke6 58. Rg6+ Ke7 59. Rg7+ Ke8 60.
Rg5 Rfxf3+ 61. Kh4 Rxh3# 0-1

[Event "PRO League Group Stage"]
[Site "chess.com INT"]
[Date "2019.03.13"]
[Round "10"]
[White "Mamedyarov, Shakhriyar"]
[Black "Naroditsky, Daniel"]
[Result "1/2-1/2"]
[WhiteTitle "GM"]
[BlackTitle "GM"]
[WhiteElo "2817"]
[BlackElo "2616"]
[WhiteTeam "San Jose Hackers"]
[BlackTeam "San Francisco Mechanics"]
[WhiteFideId "13401319"]
[BlackFideId "2026961"]
[EventDate "2019.01.08"]

1. d4 Nf6 2. c4 g6 3. Nc3 Bg7 4. Nf3 O-O 5. Bg5 d6 6. Qd2 c5 7. d5 b5 8. cxb5 a6
9. e4 axb5 10. Bxb5 Bg4 11. O-O Bxf3 12. gxf3 Nbd7 13. a4 Nh5 14. f4 f6 15. Bh4
Bh6 16. Bg3 f5 17. f3 Ne5 18. Ne2 fxe4 19. fxe4 Qc8 20. Qc3 Qg4 21. h3 Qxh3 22.
fxe5 Nxg3 23. Nxg3 Bf4 24. Rxf4 Rxf4 25. Bf1 Qg4 26. Bg2 Raf8 27. Nf1 Rxe4 28.
Qh3 Qg5 29. a5 Re2 30. a6 Rff2 31. Ne3 Rxe3 32. Qe6+ Kg7 33. Kxf2 Rg3 34. Bf3
Qh4 35. Rg1 Rg5+ 36. Kf1 Qc4+ 37. Kf2 Qd4+ 38. Ke2 Qxb2+ 39. Kd3 Qb3+ 40. Kd2
Qb2+ 41. Kd3 Qd4+ 42. Kc2 Rxg1 43. Qxe7+ Kh6 44. Qf8+ Kg5 45. Qf6+ Kh6 46. Qf8+
Kg5 47. Qf6+ Kh6 48. Qf8+ Kg5 1/2-1/2

[Event "PRO League Group Stage"]
[Site "chess.com INT"]
[Date "2019.03.13"]
[Round "10"]
[White "Zierk, Steven"]
[Black "Safarli, Eltaj"]
[Result "1-0"]
[WhiteTitle "GM"]
[BlackTitle "GM"]
[WhiteElo "2510"]
[BlackElo "2681"]
[WhiteTeam "San Francisco Mechanics"]
[BlackTeam "San Jose Hackers"]
[WhiteFideId "2034255"]
[BlackFideId "13402129"]
[EventDate "2019.01.08"]

1. e4 e5 2. Nf3 Nc6 3. d4 exd4 4. Nxd4 Bb4+ 5. c3 Bc5 6. Be3 Bb6 7. Nf5 g6 8.
Bxb6 axb6 9. Ne3 Nf6 10. f3 O-O 11. c4 d5 12. cxd5 Nxe4 13. fxe4 Qh4+ 14. Kd2
Qxe4 15. Qb3 Ne5 16. Bd3 Qf4 17. Na3 Re8 18. Raf1 Qh6 19. Nc2 Bd7 20. Qc3 Rxa2
21. Be2 Ba4 22. Ra1 Rxa1 23. Rxa1 Bxc2 24. Kxc2 Qxh2 25. Bb5 Re7 26. Kb3 h5 27.
Ra8+ Kh7 28. d6 cxd6 29. Qc8 Kh6 30. Qf8+ Kg5 31. Qxe7+ Kf4 32. Nd5+ Ke4 33.
Nc3+ Kf5 34. Bd7+ 1-0

[Event "PRO League Group Stage"]
[Site "chess.com INT"]
[Date "2019.03.13"]
[Round "10"]
[White "Aleskerov, Faik"]
[Black "Macieja, Bartlomiej"]
[Result "0-1"]
[BlackTitle "GM"]
[WhiteElo "2315"]
[BlackElo "2509"]
[WhiteTeam "San Jose Hackers"]
[BlackTeam "San Francisco Mechanics"]
[WhiteFideId "13401262"]
[BlackFideId "1104306"]
[EventDate "2019.01.08"]

1. e4 c5 2. d4 cxd4 3. c3 Nf6 4. e5 Nd5 5. Nf3 Nc6 6. cxd4 d6 7. Bc4 Nb6 8. Be2
dxe5 9. dxe5 Qxd1+ 10. Bxd1 Nc4 11. Nc3 Bg4 12. Bf4 Nxb2 13. Be2 Bxf3 14. gxf3
O-O-O 15. O-O e6 16. Bg5 Rd7 17. Bb5 Nd3 18. Bxd3 Rxd3 19. Nb5 a6 20. Nd6+ Bxd6
21. exd6 Rxd6 22. Rfd1 Rxd1+ 23. Rxd1 f6 24. Be3 Rd8 25. Rc1 Rd5 26. Kg2 Kd7 27.
h4 h5 28. Kh3 Ne7 29. Bb6 Rb5 30. Be3 Nf5 31. Rd1+ Rd5 32. Rb1 b5 33. a4 Nxe3
34. fxe3 bxa4 35. Rg1 a3 0-1

[Event "PRO League Group Stage"]
[Site "chess.com INT"]
[Date "2019.03.13"]
[Round "10"]
[White "Hong, Andrew"]
[Black "Ravuri, Vinesh"]
[Result "1-0"]
[WhiteTitle "FM"]
[WhiteElo "2390"]
[BlackElo "2042"]
[WhiteTeam "San Francisco Mechanics"]
[BlackTeam "San Jose Hackers"]
[WhiteFideId "2099438"]
[BlackFideId "45042632"]
[EventDate "2019.01.08"]

1. e4 e5 2. Nf3 Nc6 3. Bb5 a6 4. Ba4 Nf6 5. O-O Be7 6. Re1 b5 7. Bb3 d6 8. c3
O-O 9. h3 Bb7 10. d4 Nd7 11. Nbd2 exd4 12. cxd4 Bf6 13. Nf1 Na5 14. Bc2 Re8 15.
Rb1 c5 16. d5 Nc4 17. b3 Nce5 18. N3h2 Rc8 19. Ng3 c4 20. b4 a5 21. a3 axb4 22.
axb4 Ra8 23. Nf5 Qc7 24. f4 Ng6 25. Ng4 Ra2 26. Bd2 c3 27. Be3 Rea8 28. Nxf6+
Nxf6 29. Bd4 Ne8 30. Rf1 Ne7 31. Ne3 f6 32. Qd3 Ng6 33. Rb3 R2a3 34. Rxc3 Rxc3
35. Qxc3 Qe7 36. Bd3 Ra2 37. Nf5 Qd8 38. Bxb5 Nc7 39. Bc4 Bc8 40. Bxa2 1-0

[Event "PRO League Group Stage"]
[Site "chess.com INT"]
[Date "2019.03.13"]
[Round "10"]
[White "Wang, Yue"]
[Black "Corrales Jimenez, Fidel"]
[Result "1-0"]
[WhiteTitle "GM"]
[BlackTitle "GM"]
[WhiteElo "2684"]
[BlackElo "2559"]
[WhiteTeam "Chengdu Pandas"]
[BlackTeam "Minnesota Blizzard"]
[WhiteFideId "8601429"]
[BlackFideId "3506690"]
[EventDate "2019.01.08"]

1. Nf3 c5 2. c4 Nc6 3. Nc3 Nf6 4. g3 d5 5. cxd5 Nxd5 6. Bg2 Nc7 7. O-O e5 8. a3
f6 9. e3 Be7 10. d4 cxd4 11. exd4 exd4 12. Ne2 Ne6 13. b4 d3 14. Nc3 O-O 15. Bb2
Kh8 16. Ne1 Ne5 17. Nd5 d2 18. Qxd2 Nc4 19. Qe2 Nxb2 20. Qxb2 Bd6 21. Nf3 a5 22.
Rad1 axb4 23. axb4 Bd7 24. Nxf6 Bc6 25. Nh5 Bxf3 26. Bxf3 Rxf3 27. Rfe1 Qf8 28.
Rxe6 Bxb4 29. Nf4 Bc5 30. Re2 b6 31. Rde1 Rfa3 32. Ne6 Qg8 33. Kg2 R3a7 34. h4
Rc8 35. h5 h6 36. Nf4 Qf7 37. Qb5 Raa8 38. Qd3 Kg8 39. Qf3 Rf8 40. Rd1 Ra3 41.
Qg4 Ra7 42. Red2 Re7 43. Rd7 Rxd7 44. Rxd7 Qf6 45. Qf3 Kh7 46. Qd3+ Kg8 47. Qd5+
Kh7 48. Qe4+ Kg8 49. f3 Qf5 50. Qe6+ Qxe6 51. Nxe6 Rf6 52. Nxg7 Bf8 53. Ne8 Rc6
54. f4 b5 55. Rb7 b4 56. Kf3 b3 57. Kg4 b2 58. Kf5 Rc5+ 59. Kg6 Be7 60. Nf6+ Kf8
61. Rb8+ Bd8 62. Rxd8+ Ke7 63. Rb8 Rc7 64. Rxb2 1-0

[Event "PRO League Group Stage"]
[Site "chess.com INT"]
[Date "2019.03.13"]
[Round "10"]
[White "Henriquez Villagra, Cristobal"]
[Black "Xu, Xiangyu"]
[Result "1-0"]
[WhiteTitle "GM"]
[BlackTitle "GM"]
[WhiteElo "2504"]
[BlackElo "2567"]
[WhiteTeam "Minnesota Blizzard"]
[BlackTeam "Chengdu Pandas"]
[WhiteFideId "3409350"]
[BlackFideId "8608288"]
[EventDate "2019.01.08"]

1. e4 e5 2. Bc4 Nf6 3. Nc3 Nxe4 4. Qh5 Nd6 5. Bb3 Be7 6. Qxe5 O-O 7. Nge2 Nc6 8.
Qf4 Bg5 9. Qg4 Ne5 10. Qg3 Re8 11. d4 Bxc1 12. Rxc1 Ng6 13. O-O Nf5 14. Qd3 d6
15. Rce1 c6 16. Qd2 d5 17. Ng3 Rxe1 18. Rxe1 Nxg3 19. hxg3 h5 20. Ne2 h4 21. Nf4
hxg3 22. Nxg6 fxg6 23. c4 Bf5 24. cxd5 cxd5 25. fxg3 Kh8 26. Qf4 Qf6 27. g4 Qh4
28. Re3 Qxg4 29. Rh3+ Kg8 30. Bxd5+ 1-0